Word Chain - Space Edition - Statistics

General Stats
  • This quiz has been taken 59 times
  • The average score is 3 of 10
Answer Stats
Hint Answer % Correct
The closest planet to the Sun Mercury
100%
The Sun is a type of Yellow Dwarf
38%
A bright type of meteor Fireball
18%
Rock system between Mars and Jupiter Asteroid Belt
15%
Only planet where life is confirmed (for now) Earth
15%
Smallest Galilean moon Europa
15%
Main element found in the Sun Hydrogen
15%
Process that makes the moon appear red Lunar Eclipse
15%
8th planet from the Sun Neptune
15%
Name of orbiting dwarfs after Neptune TNOs
5%
No matching quizzes found
Score Distribution
Percent of People with Each Score
Percentile by Number Answered
Your Score History
You have not taken this quiz